MATHEMATICS: A human Endeavor (Record no. 251912)
[ view plain ]
| 000 -LEADER | |
|---|---|
| fixed length control field | 00252nam a22001097a 4500 |
| 020 ## - INTERNATIONAL STANDARD BOOK NUMBER | |
| ISBN | 0716704390 |
| 100 ## - MAIN ENTRY--AUTHOR NAME | |
| Personal name | JACOBS HAROLD R. |
| 245 ## - TITLE STATEMENT | |
| Title | MATHEMATICS: A human Endeavor |
| 260 ## - PUBLICATION, DISTRIBUTION, ETC. (IMPRINT) | |
| Place of publication | USA |
| Name of publisher | W.H FREEMAN & CO. |
| Year of publication | 1970 |
| 300 ## - PHYSICAL DESCRIPTION | |
| Number of Pages | 528 |
| Other physical details | ill |
| 942 ## - ADDED ENTRY ELEMENTS (KOHA) | |
| Koha item type | Long Loan Books |
| Withdrawn status | Lost status | Collection code | Home library | Current library | Shelving location | Date acquired | Full call number | Accession Number | Koha item type |
|---|---|---|---|---|---|---|---|---|---|
| Non-fiction | Rongo University Library | Rongo University Library | General Stacks | 18/01/2016 | QA93 .J33 1970 | 20088189 | Long Loan Books |
